00488nam a22001457a 450000500170000000800410001702000180005804100130007608200140008910000120010324501230011526000470023830000320028565000250031720231115080339.0231115b |||||||| |||| 00| 0 eng d a9780702179624 aEnglish  a344.4 ENV lEnglish aEnvironmental Compliance and Enforcement in South Africa : bLegal Perspective / cedited by A Patterson and LJ Kotze  aCape Town : bJuta and Company Ltd, c2009 bxlii, 404 pages ; c26 cm.  aLegal practice bLaw